00711cam a22001931i 4500008004100000010001600041040002900057050002400086082001100110100003200121245018700153260003800340300002000378490002600398500003200424650001500456650001400471650003200485760427s1966 fr 000 0 fre  a 67085774 aDLCcODaUdDLCcEG-GiCUC00aB2430.T373bH9 1966 a210/.80 aTeilhard de Chardin, Pierre10aHymne de l'univers.:bLa Messe sur le monde. Trois histoires comme Benson. La Puissance spirituelle de la matiere. Pensees choisies par Fernande Tardivel./cPierreTeilhard de Chardin aParis:bEditions du Seuil,c1966. a169 p.;c18 cm.0 aLivre de vie ;v61-62 aCover illustrated in color. 0aCosmology. 0aCreation. 0aMysticismxCatholic Church.